America : purpose and power /

Bibliographic Details
Main Author: Lyons, Gene Martin, 1924-
Corporate Author: Dartmouth College. Public Affairs Center
Format: Book
Language:English
Published: Chicago : Quadrangle Books, 1965.
Subjects:

MARC

Tag First Indicator Second Indicator Subfields
LEADER 00000cam a2200000 4500
001 in00000067136
005 20151008051316.0
008 720725s1965 ilu b 00000 eng u
010 |a  65018243  
035 |a (OCoLC)00364451 
035 |9 AAG7091AM 
040 |c DRB  |d TXA  |d UtOrBLW 
049 |a TXAM  |c [458949] 
050 0 |a E178.6  |b .L9 
092 |a 309.173  |b L991a 
100 1 |a Lyons, Gene Martin,  |d 1924- 
245 1 0 |a America :  |b purpose and power /  |c Edited with an introd. by Gene M. Lyons. 
264 1 |a Chicago :  |b Quadrangle Books,  |c 1965. 
300 |a 384p. ;  |c 22cm. 
336 |a text  |b txt  |2 rdacontent 
337 |a unmediated  |b n  |2 rdamedia 
338 |a volume  |b nc  |2 rdacarrier 
500 |a "Publication of the Public Affairs Center at Dartmouth College." 
504 |a "Bibliographical note": pages 218-221. Bibliographical footnotes. 
650 0 |a World politics. 
651 0 |a United States  |x Foreign relations. 
651 0 |a United States  |x Social conditions. 
710 2 |a Dartmouth College.  |b Public Affairs Center. 
999 |a MARS 
999 f f |s e1b72d0f-5bd9-3d0a-8781-97b28afbc519  |i dc3e5c07-6a0c-347f-ab16-d065b7a52318  |t 0 
952 f f |p ric  |a Texas A&M University  |b Rellis Campus  |c Joint Library Facility  |d Remote Storage  |t 0  |e E178.6 .L9  |h Library of Congress classification  |i unmediated -- volume  |m A14800650129 
998 f f |a E178.6 .L9  |t 0  |l Remote Storage